[Event "Championnat de France des Jeunes - Benj"]
[Site "LA ROCHE SUR YON"]
[Date "2008.04.22"]
[Round "4.8"]
[White "Adeimi, Michel"]
[Black "Brunier, Jules"]
[Result "1/2-1/2"]
[WhiteElo "2110"]
[BlackElo "1886"]
[Annotator "Salaun,Michel"]
[PlyCount "148"]
[EventDate "2008.04.24"]
[EventType "swiss"]
[EventRounds "6"]
[EventCountry "FRA"]

1. e4 e6 2. d4 d5 3. exd5 exd5 4. Bd3 Nc6 5. Nf3 Bd6 6. Nc3 Nge7 7. Bg5 f6 8.
Be3 Bg4 9. h3 Bh5 10. a3 Qd7 11. Qe2 O-O-O 12. O-O-O Kb8 13. g4 Bg6 14. Bxg6
hxg6 15. Qb5 a6 16. Qb3 Na5 17. Qa4 Qxa4 18. Nxa4 Nec6 19. Nc5 b6 20. Nxa6+ Kb7
21. Nb4 Nxb4 22. axb4 Bxb4 23. c3 Bd6 24. Kc2 Rde8 25. Rde1 Nc4 26. b3 Na5 27.
Nd2 c5 28. dxc5 bxc5 29. Ra1 Nc6 30. Nf3 Ne5 31. Nxe5 fxe5 32. b4 d4 33. bxc5
Bxc5 34. Bd2 Ra8 35. Rxa8 Rxa8 36. cxd4 exd4 37. Kd3 Kc6 38. Ke4 Re8+ 39. Kd3
Kd5 40. Re1 Ra8 41. Rh1 Ra3+ 42. Ke2 Ra2 43. Rb1 Ra3 44. Bb4 Bxb4 45. Rxb4 Rxh3
46. Rb7 Rh4 47. f3 Rh2+ 48. Kd3 Rf2 49. Rf7 Ke5 50. Rf8 Kd5 51. Rf4 Ke5 52.
Re4+ Kf6 53. f4 g5 54. f5 Rf4 {(=)} 55. Kxd4 g6 56. Rxf4 gxf4 57. fxg6 Kxg6 58.
Ke4 Kg5 59. Kf3 Kg6 60. Kxf4 Kf6 61. g5+ Kg6 62. Kg4 Kg7 63. Kh5 Kh7 64. Kg4
Kg6 65. Kf4 Kg7 66. Kf5 Kf7 67. g6+ Kg7 68. Kg5 Kg8 69. Kg4 Kg7 70. Kf5 Kg8 71.
Kf6 Kf8 72. Kg5 Kg7 73. Kh5 Kg8 74. Kh6 Kh8 1/2-1/2

[Event "Championnat de France des Jeunes - Benj"]
[Site "LA ROCHE SUR YON"]
[Date "2008.04.22"]
[Round "4.7"]
[White "Ringuet, Noe"]
[Black "Figiel, Alexis"]
[Result "1-0"]
[WhiteElo "1821"]
[BlackElo "1890"]
[Annotator "Salaun,Michel"]
[PlyCount "115"]
[EventDate "2008.04.24"]
[EventType "swiss"]
[EventRounds "6"]
[EventCountry "FRA"]

1. d4 d5 2. Nf3 Nf6 3. Bf4 Bf5 4. e3 e6 5. Bd3 Bxd3 6. Qxd3 Nbd7 7. Nbd2 Be7 8.
h3 b6 9. Ne5 Nxe5 10. Bxe5 O-O 11. O-O Bd6 12. f4 c5 13. c3 c4 14. Qc2 a5 15.
g4 Qe7 16. e4 Nd7 17. Bxd6 Qxd6 18. e5 Qe7 19. Nf3 Rfc8 20. Rae1 b5 21. f5 Ra6
22. f6 gxf6 23. exf6 Qf8 24. Ne5 Nxe5 25. Rxe5 Qh6 26. Rf2 Kh8 27. Rh5 Qg6 28.
Qxg6 fxg6 29. Rh6 Rf8 30. g5 Rf7 31. h4 Kg8 32. h5 gxh5 33. Rxh5 Raa7 34. Re2
Ra6 35. Rh6 Rd6 36. Reh2 Rfd7 37. a3 b4 38. axb4 axb4 39. Kg2 bxc3 40. bxc3 Ra6
41. R2h3 Ra2+ 42. Kg3 Ra1 43. Kf4 Rf1+ 44. Rf3 Rg1 45. Re3 Rd6 46. Rh5 Rf1+ 47.
Rf3 Re1 48. Kg3 Rd7 49. Kf2 Ra1 50. Rg3 Ra2+ 51. Kf3 Ra3 {(=)} 52. Kf4 Ra1 53.
Re3 Rd6 54. Reh3 Rf1+ 55. Ke3 Rc1 56. Kd2 Ra1 57. Rxh7 Rb6 58. Rg7+ 1-0

[Event "Championnat de France des Jeunes - Benj"]
[Site "LA ROCHE SUR YON"]
[Date "2008.04.22"]
[Round "4.6"]
[White "Domenech, Vianney"]
[Black "Netzer, Jacques"]
[Result "0-1"]
[WhiteElo "1923"]
[BlackElo "2059"]
[Annotator "Salaun,Michel"]
[PlyCount "84"]
[EventDate "2008.04.24"]
[EventType "swiss"]
[EventRounds "6"]
[EventCountry "FRA"]

1. d4 d6 2. Bg5 g6 3. Nf3 Bg7 4. e3 Nd7 5. Bd3 f6 6. Bh4 e5 7. c4 Nh6 8. Qc2
O-O 9. Bg3 Nf7 10. h4 f5 11. Be2 Qe7 12. Nc3 c6 13. h5 e4 14. hxg6 hxg6 15. Nh4
Qf6 16. f4 Nh6 17. O-O-O Qf7 18. d5 Qf6 19. Bf2 Nc5 20. Rd2 Re8 21. Kb1 a5 22.
Na4 Nxa4 23. Qxa4 Bd7 24. Qa3 c5 25. Rc2 Reb8 26. Be1 b5 27. cxb5 Bxb5 28. Bc3
Qf7 29. Bxb5 Rxb5 30. Rd1 Rab8 31. Rdd2 Ng4 32. Bxg7 Qxg7 33. Qc3 {(=)} Rxb2+
34. Qxb2 Rxb2+ 35. Rxb2 Nxe3 36. Rb8+ Kh7 37. Rdb2 Qc3 38. a3 Qd3+ 39. Ka2
Qxd5+ 40. Ka1 Qd4 41. g3 Nc4 42. R8b7+ Kh6 0-1

[Event "Championnat de France des Jeunes - Benj"]
[Site "LA ROCHE SUR YON"]
[Date "2008.04.22"]
[Round "4.9"]
[White "Paci, Nicolas"]
[Black "Roubaud, Alexandre"]
[Result "1/2-1/2"]
[WhiteElo "1848"]
[BlackElo "1949"]
[Annotator "Salaun,Michel"]
[PlyCount "51"]
[EventDate "2008.04.24"]
[EventType "swiss"]
[EventRounds "6"]
[EventCountry "FRA"]

1. d4 Nf6 2. Nf3 e6 3. g3 c5 4. c4 a6 5. Bg2 cxd4 6. Nxd4 Qc7 7. b3 d5 8. cxd5
Nxd5 9. O-O Be7 10. e3 O-O 11. Bb2 Rd8 12. Nd2 Bf6 13. Rc1 Qe7 14. a3 Bd7 15.
Ne4 Nc6 16. Nxf6+ Nxf6 17. Qc2 Rac8 18. Qb1 Nxd4 19. exd4 Nd5 20. Bxd5 exd5 21.
Rfe1 Qf6 22. Qd3 Be6 23. f4 Bf5 24. Qe3 Be4 25. Rxc8 Rxc8 26. Rc1 {(=)} 1/2-1/2

[Event "Championnat de France des Jeunes - Benj"]
[Site "LA ROCHE SUR YON"]
[Date "2008.04.22"]
[Round "4.10"]
[White "Cabanes, Kim"]
[Black "Levacic, Adrien"]
[Result "1-0"]
[WhiteElo "1939"]
[BlackElo "1836"]
[Annotator "Salaun,Michel"]
[PlyCount "55"]
[EventDate "2008.04.24"]
[EventType "swiss"]
[EventRounds "6"]
[EventCountry "FRA"]

1. e4 e5 2. Nf3 Nc6 3. Nc3 g6 4. Bb5 Bg7 5. d3 h6 6. Be3 Nge7 7. Qd2 f5 8. g3
a6 9. Ba4 b5 10. Bb3 Na5 11. Nh4 Nxb3 12. axb3 Bb7 13. O-O-O g5 14. Ng2 b4 15.
Na4 fxe4 16. Nc5 Bc6 17. dxe4 a5 18. Qe2 Qc8 19. Qh5+ Kf8 20. f4 d6 21. fxg5
dxc5 22. Rdf1+ Kg8 23. Qf7+ Kh7 24. gxh6 Qf8 25. Qe6 Qe8 26. Rf7 Rg8 27. Rxe7
Qg6 28. Qh3 1-0

[Event "Championnat de France des Jeunes - Benj"]
[Site "LA ROCHE SUR YON"]
[Date "2008.04.23"]
[Round "5.8"]
[White "Gan, Grace"]
[Black "Costa, Elodie"]
[Result "1-0"]
[WhiteElo "1600"]
[BlackElo "1480"]
[Annotator "Salaun,Michel"]
[PlyCount "93"]
[EventDate "2008.04.24"]
[EventType "swiss"]
[EventRounds "6"]
[EventCountry "FRA"]

1. d4 e5 2. dxe5 Nc6 3. Nf3 Qe7 4. Qd5 Nb4 5. Qc4 Qc5 6. Qxc5 Bxc5 7. Na3 d5 8.
exd6 Bxd6 9. c3 Nc6 10. Nb5 Nf6 11. Nxd6+ cxd6 12. Bf4 d5 13. e3 O-O 14. Bd3
Be6 15. O-O Ne4 16. h3 f5 17. Rfd1 Rad8 18. Ne1 g5 19. Bh2 h5 20. Be2 h4 21.
Nd3 g4 22. hxg4 fxg4 23. Bf4 Rd7 24. f3 gxf3 25. gxf3 Rg7+ 26. Kh2 h3 27. Rg1
Nf6 28. Bh6 Rg2+ 29. Rxg2+ hxg2 30. Bxf8 Kxf8 31. Kxg2 Ke7 32. Nf4 Bf5 33. Rh1
Kd6 34. Rh6 Ke7 35. Nh5 Nd7 36. Ng7 Bc2 37. f4 Kd8 38. Bg4 Nb6 39. Ne6+ Ke7 40.
f5 Ne5 41. Bh3 Nbc4 42. Kf2 Nd3+ 43. Ke2 Ncxb2 44. Rh7+ Kd6 45. Rxb7 a5 46. f6
Ne5 47. Rxb2 1-0

[Event "Championnat de France des Jeunes - Benj"]
[Site "LA ROCHE SUR YON"]
[Date "2008.04.23"]
[Round "5.9"]
[White "Ranc, Candice"]
[Black "Stubbe, Alicia"]
[Result "0-1"]
[WhiteElo "1490"]
[BlackElo "1570"]
[Annotator "Salaun,Michel"]
[PlyCount "84"]
[EventDate "2008.04.24"]
[EventType "swiss"]
[EventRounds "6"]
[EventCountry "FRA"]

1. e4 c5 2. Nf3 e6 3. Nc3 d5 4. exd5 exd5 5. Bb5+ Nc6 6. Ne5 Bd7 7. Qe2 Nxe5 8.
Qxe5+ Qe7 9. Qxe7+ Nxe7 10. Bxd7+ Kxd7 11. O-O d4 12. Ne4 Nc6 13. d3 Nb4 14. a3
Nxc2 15. Ra2 c4 16. dxc4 Re8 17. Ng3 Bd6 18. Bd2 Bxg3 19. hxg3 Re2 20. Bb4 Rhe8
21. b3 b6 22. Rd1 Kc6 23. Bd2 d3 24. Bc3 Nd4 25. Raa1 Nxb3 26. Rab1 Nc5 27. Kf1
g6 28. Bd4 Rd8 29. Be3 Ne4 30. Rb3 Nxg3+ 31. Kg1 d2 32. Bxd2 Ne4 33. Re3 Rexd2
34. Rxd2 Nxd2 35. Rc3 Kc5 36. Rh3 h5 37. Kh2 Nxc4 38. Rf3 Ne5 39. Re3 Ng4+ 40.
Kg3 Nxe3 41. fxe3 Rd3 42. Kf3 Rxa3 0-1

[Event "Championnat de France des Jeunes - Benj"]
[Site "LA ROCHE SUR YON"]
[Date "2008.04.23"]
[Round "5.7"]
[White "Roger, Juliette"]
[Black "Daadaa, Soha"]
[Result "1-0"]
[WhiteElo "1460"]
[BlackElo "1650"]
[Annotator "Salaun,Michel"]
[PlyCount "81"]
[EventDate "2008.04.24"]
[EventType "swiss"]
[EventRounds "6"]
[EventCountry "FRA"]

1. e4 e6 2. d4 d5 3. exd5 exd5 4. Bd3 Nf6 5. Ne2 Be7 6. Bf4 c6 7. Nd2 Qb6 8.
Nb3 Na6 9. c3 Nc7 10. a4 Ne6 11. Be5 Qd8 12. Qc2 h6 13. Nd2 Bd6 14. Bxd6 Qxd6
15. b4 O-O 16. O-O Bd7 17. Ng3 Nf4 18. Rfe1 Nxd3 19. Qxd3 {(=)} Rfe8 20. Nf3
Qf4 21. Ne5 Ng4 22. Qf3 Qxf3 23. Nxf3 Rac8 24. h3 Nf6 25. Ne5 {(=)} Be6 26. a5
Nd7 27. Nf3 Nf8 28. Ne5 f6 29. Nf3 Bd7 30. Nd2 Ne6 31. Nb3 b6 32. axb6 axb6 33.
Ra7 Rc7 34. Ra2 Nf4 35. Rxe8+ Bxe8 36. Ra8 Re7 37. Kf1 Kf7 {(=)} 38. Rb8 b5 39.
Nf5 Re2 40. Nd6+ Ke7 41. Rxe8+ 1-0

[Event "Championnat de France des Jeunes - Benj"]
[Site "LA ROCHE SUR YON"]
[Date "2008.04.23"]
[Round "5.6"]
[White "Tabard, Anja"]
[Black "Le Marec, Laura"]
[Result "0-1"]
[WhiteElo "1660"]
[BlackElo "1520"]
[Annotator "Salaun,Michel"]
[PlyCount "74"]
[EventDate "2008.04.24"]
[EventType "swiss"]
[EventRounds "6"]
[EventCountry "FRA"]

1. e4 e5 2. Nf3 d6 3. Nc3 Be6 4. d4 Nd7 5. dxe5 Nxe5 6. Nxe5 dxe5 7. Qxd8+ Rxd8
8. Nb5 Bb4+ 9. c3 Ba5 10. Na3 h6 11. Be2 Nf6 12. Bf3 O-O 13. O-O c6 14. Be3 Bc7
15. b3 a5 16. Rfd1 b6 17. h3 Bc8 18. Re1 Bb7 19. Rad1 c5 20. Bc1 Rxd1 21. Rxd1
Bxe4 22. Bxe4 Nxe4 23. Nb5 Rd8 24. Re1 Bb8 25. Rxe4 Rd1+ 26. Kh2 Rxc1 27. f4 f5
28. Re2 e4 29. c4 Bxf4+ 30. g3 Be5 31. Na7 Rc3 32. Rg2 f4 33. Nc6 fxg3+ 34. Kh1
Rc1+ 35. Rg1 Rxg1+ 36. Kxg1 Bd4+ 37. Kg2 e3 0-1

[Event "Championnat de France des Jeunes - Benj"]
[Site "LA ROCHE SUR YON"]
[Date "2008.04.23"]
[Round "5.6"]
[White "Brunier, Jules"]
[Black "Godart, Francois"]
[Result "1-0"]
[WhiteElo "1886"]
[BlackElo "2002"]
[Annotator "Salaun,Michel"]
[PlyCount "147"]
[EventDate "2008.04.24"]
[EventType "swiss"]
[EventRounds "6"]
[EventCountry "FRA"]

1. e4 e6 2. d3 d5 3. Nc3 g6 4. Nf3 Bg7 5. Qe2 d4 6. Nb1 e5 7. g3 Ne7 8. Bg2 O-O
9. O-O c5 10. Nh4 Nbc6 11. Nd2 Bd7 12. f4 f6 13. f5 g5 14. Nhf3 b5 15. g4 Nb4
16. Nb3 Rc8 17. a3 Na6 18. Nbd2 Qc7 19. b3 Nb8 20. h4 h6 21. Bb2 Nbc6 22. Rfc1
Na5 23. c3 dxc3 24. Rxc3 Qd6 25. Rac1 Rc6 26. R3c2 Rd8 27. d4 cxd4 28. Nxd4
Rxc2 29. Nxc2 Bc6 30. Bc3 Qc5+ 31. Qe3 Qxe3+ 32. Nxe3 Nb7 33. Bb4 Nd6 34. hxg5
hxg5 35. Nd5 Bxd5 36. exd5 Rc8 37. Rxc8+ Nexc8 38. Bc5 Bf8 39. b4 Kf7 40. Kf2
a6 41. Ke3 Nb7 42. Ne4 Ncd6 43. Bxd6 Bxd6 44. Bf1 Ke7 45. Kd3 Nd8 46. Kc3 Nf7
47. Kb3 Nh6 48. Be2 Bc7 49. a4 Bd6 50. axb5 axb5 51. Nc3 Bb8 52. Nxb5 e4 53.
Kc4 e3 54. Nd4 Kd6 55. Nb5+ Ke5 56. Kc5 Nf7 57. Kc6 Kf4 58. Nc3 Ne5+ 59. Kc5
Nxg4 60. Bxg4 Kxg4 61. d6 Kf3 62. d7 Bc7 63. Kc6 Bd8 64. b5 g4 65. b6 g3 66. b7
g2 67. b8=Q g1=Q 68. Qxd8 Qc1 69. Qxf6 e2 70. d8=Q e1=Q 71. Qd5+ Kg4 72. Qfd4+
Kg3 73. Qg8+ Kh2 74. Qdh8+ 1-0

[Event "Championnat de France des Jeunes - Benj"]
[Site "LA ROCHE SUR YON"]
[Date "2008.04.23"]
[Round "5.9"]
[White "Meley, Hector"]
[Black "Feryn, Benjamin"]
[Result "0-1"]
[WhiteElo "1862"]
[BlackElo "1899"]
[Annotator "Salaun,Michel"]
[PlyCount "80"]
[EventDate "2008.04.24"]
[EventType "swiss"]
[EventRounds "6"]
[EventCountry "FRA"]

1. d4 Nf6 2. c4 g6 3. Nc3 Bg7 4. e4 d6 5. Bg5 O-O 6. Be2 Nbd7 7. Nf3 e5 8. d5
h6 9. Bh4 g5 10. Bg3 Nc5 11. Qc2 a5 12. Nd2 Kh8 13. h4 g4 14. h5 Nh7 15. f3
gxf3 16. gxf3 f5 17. O-O-O f4 18. Bh4 Bf6 19. Bxf6+ Qxf6 20. Rdg1 Ng5 21. Nb3
Nxb3+ 22. Qxb3 b6 23. Nd1 Bd7 24. Nf2 Rg8 25. Bf1 a4 26. Qc3 Rg7 27. Ng4 Bxg4
28. Rxg4 Nxe4 29. Qc2 Ng3 30. Rxg7 Qxg7 31. Rg1 Ne2+ 32. Qxe2 Qxg1 33. Kc2 a3
34. b4 Qd4 35. Qd3 Qb2+ 36. Kd1 Qa1+ 37. Ke2 Qxa2+ 38. Ke1 Qa1+ 39. Ke2 Qb2+
40. Kd1 a2 0-1

[Event "Championnat de France des Jeunes - Benj"]
[Site "LA ROCHE SUR YON"]
[Date "2008.04.23"]
[Round "5.8"]
[White "Peyre, Thomas"]
[Black "Mougin, Loic"]
[Result "1-0"]
[WhiteElo "1911"]
[BlackElo "1871"]
[Annotator "Salaun,Michel"]
[PlyCount "73"]
[EventDate "2008.04.24"]
[EventType "swiss"]
[EventRounds "6"]
[EventCountry "FRA"]

1. e4 e6 2. d4 d5 3. Nd2 Nf6 4. e5 Nfd7 5. Bd3 c5 6. c3 Nc6 7. Ne2 cxd4 8. cxd4
Qb6 9. Nf3 f6 10. exf6 Nxf6 11. O-O Bd6 12. Re1 O-O 13. Nc3 Bd7 14. a3 a6 15.
Bg5 Qc7 16. Bh4 Rae8 17. Rc1 Qb8 18. Qc2 h6 19. Bg6 Re7 20. Rcd1 b5 21. b4 Qc7
22. Qd3 Bf4 23. Ne2 Bd6 24. Ng3 Kh8 25. Nh5 Qb8 26. Bxf6 Rxf6 27. Nxf6 gxf6 28.
g3 Qf8 29. Nh4 f5 30. Bxf5 Be8 31. Rxe6 Rxe6 32. Bxe6 Qf6 33. Bxd5 Bc7 34. Qf3
Qd6 35. Bxc6 Bxc6 36. Qf5 Kg8 37. Qg6+ 1-0

[Event "Championnat de France des Jeunes - Benj"]
[Site "LA ROCHE SUR YON"]
[Date "2008.04.23"]
[Round "5.7"]
[White "Ozenne, Corentin"]
[Black "Cabanes, Kim"]
[Result "1/2-1/2"]
[WhiteElo "1881"]
[BlackElo "1939"]
[Annotator "Salaun,Michel"]
[PlyCount "49"]
[EventDate "2008.04.24"]
[EventType "swiss"]
[EventRounds "6"]
[EventCountry "FRA"]

1. d4 d5 2. c4 c6 3. Nc3 Nf6 4. Nf3 a6 5. g3 Bg4 6. Ne5 Bf5 7. Bg2 e6 8. O-O
Bd6 9. f4 O-O 10. Qb3 b5 11. c5 Bxe5 12. fxe5 Ne8 13. a4 Nd7 14. axb5 axb5 15.
Rxa8 Qxa8 16. e4 dxe4 17. Nxe4 Bxe4 18. Bxe4 Nc7 19. Qf3 Nd5 20. Bxd5 cxd5 21.
Qg4 Kh8 22. Bg5 Qa4 23. Qf4 f6 24. c6 h6 25. Bxh6 {(=)} 1/2-1/2

[Event "Championnat de France des Jeunes - Benj"]
[Site "LA ROCHE SUR YON"]
[Date "2008.04.23"]
[Round "5.10"]
[White "Saatdjian, Stephane"]
[Black "Ollier, Milan"]
[Result "0-1"]
[WhiteElo "1860"]
[BlackElo "1893"]
[Annotator "Salaun,Michel"]
[PlyCount "80"]
[EventDate "2008.04.24"]
[EventType "swiss"]
[EventRounds "6"]
[EventCountry "FRA"]

1. e4 c5 2. Nf3 Nc6 3. d4 cxd4 4. Nxd4 e5 5. Nb5 d6 6. N1c3 a6 7. Na3 b5 8. Nd5
Nge7 9. c4 Nd4 10. Be3 Nxd5 11. cxd5 Be7 12. Bd3 f5 13. Bxd4 exd4 14. O-O f4
15. Nc2 Bf6 16. Be2 d3 17. Qxd3 Bxb2 18. Rab1 Bf6 19. Nd4 Bxd4 20. Qxd4 O-O 21.
Rfc1 Bd7 22. Bf3 Re8 {(=)} 23. h3 Qa5 24. Qb2 Rac8 25. a3 Rc4 26. Rxc4 bxc4 27.
Rc1 Bb5 28. Qc3 Qxc3 29. Rxc3 a5 30. Kf1 g5 31. g3 Kg7 32. Ke1 Kf6 33. Kd2 {(=)
} Ke5 34. Bh5 Rf8 35. Bf3 Kd4 36. g4 Rb8 37. Be2 Ba6 38. f3 Rb2+ 39. Rc2 c3+
40. Kd1 Rb1+ 0-1

[Event "Championnat de France des Jeunes - Benj"]
[Site "LA ROCHE SUR YON"]
[Date "2008.04.24"]
[Round "5.10"]
[White "Vedrenne, Louise"]
[Black "Aggoune, Audessa"]
[Result "0-1"]
[WhiteElo "1400"]
[BlackElo "1750"]
[Annotator "Salaun,Michel"]
[PlyCount "38"]
[EventDate "2008.04.24"]
[EventType "swiss"]
[EventRounds "6"]
[EventCountry "FRA"]

1. d4 d5 2. c4 c6 3. Nf3 Nf6 4. Nc3 Bf5 5. e3 e6 6. Be2 Bd6 7. O-O O-O 8. cxd5
exd5 9. h3 Nbd7 10. Bd3 Be6 11. Qe2 Re8 12. Re1 h6 13. Qc2 Rc8 14. Rb1 c5 15.
dxc5 Nxc5 16. Nd2 Nxd3 17. Qxd3 Qd7 18. e4 dxe4 19. Ndxe4 Bh2+ 0-1

[Event "Championnat de France des Jeunes - Benj"]
[Site "LA ROCHE SUR YON"]
[Date "2008.04.24"]
[Round "6.8"]
[White "Alonso, Audrey"]
[Black "Lenoel, Marine"]
[Result "1/2-1/2"]
[WhiteElo "1530"]
[BlackElo "1641"]
[Annotator "Salaun,Michel"]
[PlyCount "116"]
[EventDate "2008.04.24"]
[EventType "swiss"]
[EventRounds "6"]
[EventCountry "FRA"]

1. e4 e5 2. Nf3 Nc6 3. Bb5 Bc5 4. O-O d6 5. c3 Bd7 6. d4 exd4 7. cxd4 Bb6 8.
Re1 Nge7 9. Nc3 O-O 10. d5 Ne5 11. Nxe5 dxe5 12. Be3 Bxb5 13. Nxb5 f5 14. Qb3
Kh8 15. f3 Bxe3+ 16. Rxe3 f4 17. Rd3 Rf6 18. Qc3 c6 19. Na3 cxd5 20. Qxe5 Qb6+
21. Kh1 dxe4 22. Qxe4 Nc6 23. Nc4 Qc7 24. Rad1 Rf7 25. R3d2 h6 26. b3 Re7 27.
Qf5 Rae8 28. h3 Ne5 29. Nxe5 Rxe5 30. Qc2 Qb6 31. Qc1 a6 32. Rc2 Re3 33. Rg1
Qg6 34. Rc8 Qf7 35. Rxe8+ Rxe8 36. Re1 Rxe1+ 37. Qxe1 Kg8 38. Qd2 Kh7 39. Qd3+
Kg8 40. Qd8+ Kh7 41. Qd3+ Kg8 42. Qe4 Kf8 43. Kh2 Kg8 44. Kg1 Kf8 45. Kf1 Kg8
46. Qc4 Qxc4+ 47. bxc4 Kf7 48. Ke2 Ke6 49. Kd3 Ke5 50. a3 b5 51. cxb5 axb5 52.
Kc3 Kd5 53. Kb4 Kc6 54. h4 g5 55. hxg5 hxg5 56. Kb3 Kc5 57. Kc3 Kd5 58. Kb4 Kc6
1/2-1/2

[Event "Championnat de France des Jeunes - Benj"]
[Site "LA ROCHE SUR YON"]
[Date "2008.04.24"]
[Round "6.7"]
[White "Seelen, Amandine"]
[Black "Guo, Charlotte"]
[Result "1-0"]
[WhiteElo "1500"]
[BlackElo "1700"]
[Annotator "Salaun,Michel"]
[PlyCount "93"]
[EventDate "2008.04.24"]
[EventType "swiss"]
[EventRounds "6"]
[EventCountry "FRA"]

1. d4 d5 2. Nf3 Nf6 3. Bf4 Bf5 4. e3 e6 5. Nbd2 Nbd7 6. c4 c6 7. Be2 Be7 8. h3
O-O 9. O-O dxc4 10. Bxc4 Nb6 11. Bb3 c5 12. Re1 cxd4 13. Nxd4 Bb4 14. a3 Bxd2
15. Qxd2 Re8 16. Rad1 Bg6 17. Qe2 Nbd5 18. Qb5 Qb6 19. Qxb6 Nxb6 20. Nb5 Red8
21. Rxd8+ Rxd8 22. Nxa7 Rd2 23. Be5 Ne4 24. f3 Nc5 25. Bd1 Nd3 26. Bc3 Rxb2 27.
Bxb2 Nxe1 28. Bd4 Nc4 29. Nb5 Nd3 30. Bc2 Nde5 31. Bxg6 Nxg6 32. f4 e5 33. fxe5
{(=)} Ngxe5 34. Kf2 Nc6 35. Ke2 Kf8 36. Kd3 N4e5+ 37. Ke4 Ng6 38. Bc5+ Kg8 39.
g3 f6 40. Kd5 Nge5 41. a4 Nd7 42. Kd6 Nd8 43. Kxd7 Nc6 44. Kc7 Na5 45. Nd6 Nb3
46. Nxb7 Nxc5 47. Nxc5 1-0

[Event "Championnat de France des Jeunes - Benj"]
[Site "LA ROCHE SUR YON"]
[Date "2008.04.24"]
[Round "6.6"]
[White "Andre, Severine"]
[Black "Pivard, Elsa"]
[Result "1-0"]
[WhiteElo "1733"]
[BlackElo "1620"]
[Annotator "Salaun,Michel"]
[PlyCount "91"]
[EventDate "2008.04.24"]
[EventType "swiss"]
[EventRounds "6"]
[EventCountry "FRA"]

1. e4 c6 2. d4 d5 3. e5 Bf5 4. Nc3 e6 5. g4 Bg6 6. Nge2 Bb4 7. Bg2 Nd7 8. h4 h5
9. Nf4 Bxc3+ 10. bxc3 Ne7 11. Nxg6 Nxg6 12. g5 Ne7 13. Bh3 c5 14. Qf3 Qb6 15.
Qd3 g6 16. Be3 Nc6 17. O-O Rc8 18. Bxe6 Ncxe5 19. Bxd7+ Nxd7 20. Rfe1 O-O 21.
Bf4 Rfe8 22. a4 Rxe1+ 23. Rxe1 cxd4 24. Qxd4 Qxd4 25. cxd4 Rxc2 26. Re8+ Kg7
27. Rd8 Nb6 28. Be5+ f6 29. gxf6+ Kf7 30. Rb8 Ke6 31. Rxb7 Nd7 32. f7 Rc8 33.
Bg7 Ra8 34. Rxd7 Kxd7 35. f8=Q Rxf8 36. Bxf8 Ke6 37. Bc5 a6 38. Kg2 Kf5 39. Kf3
g5 40. hxg5 Kxg5 41. Kg3 Kh6 42. Be7 Kg6 43. Kf4 Kf7 44. Bh4 Ke6 45. Kg5 a5 46.
f4 1-0

[Event "Championnat de France des Jeunes - Benj"]
[Site "LA ROCHE SUR YON"]
[Date "2008.04.24"]
[Round "6.10"]
[White "Dufour, Celine"]
[Black "Griggio, Julie"]
[Result "0-1"]
[WhiteElo "1490"]
[BlackElo "1800"]
[Annotator "Salaun,Michel"]
[PlyCount "84"]
[EventDate "2008.04.24"]
[EventType "swiss"]
[EventRounds "6"]
[EventCountry "FRA"]

1. e4 e6 2. d4 d5 3. exd5 exd5 4. Bd3 Nf6 5. Ne2 Bd6 6. Nd2 O-O 7. O-O Be6 8.
c3 Nbd7 9. Qc2 c5 10. h3 c4 11. Bf5 b5 12. a3 a5 13. Nf3 Re8 14. Re1 b4 15.
axb4 axb4 16. Rxa8 Qxa8 17. Bf4 b3 18. Qb1 Bxf5 19. Qxf5 Bxf4 20. Qxf4 h6 21.
Qc1 Qa2 22. Kf1 Nb6 23. Qa1 Ra8 24. Qb1 Na4 25. Qxa2 bxa2 26. Ra1 Nxb2 27. Nc1
Ra3 28. Nxa2 Na4 29. Ne1 Nxc3 30. Nc2 Rxa2 31. Rxa2 Nxa2 32. Ke2 Kf8 33. Kd2
Ne4+ 34. Ke3 g5 35. f3 Nd6 36. g4 f5 37. gxf5 Nxf5+ 38. Kd2 Ke7 39. Ke2 Nc1+
40. Kd2 Nb3+ 41. Kc3 Kd6 42. Nb4 Nfxd4 0-1

[Event "Championnat de France des Jeunes - Benj"]
[Site "LA ROCHE SUR YON"]
[Date "2008.04.24"]
[Round "6.9"]
[White "Afraoui, Solenn"]
[Black "Lebret, Loriane"]
[Result "1-0"]
[WhiteElo "1830"]
[BlackElo "1510"]
[Annotator "Salaun,Michel"]
[PlyCount "43"]
[EventDate "2008.04.24"]
[EventType "swiss"]
[EventRounds "6"]
[EventCountry "FRA"]

1. e4 e5 2. Nf3 Nc6 3. Bb5 a6 4. Ba4 Nf6 5. O-O Be7 6. Re1 d6 7. c3 b5 8. Bc2
Bg4 9. d3 O-O 10. Nbd2 d5 11. Nf1 d4 12. h3 Bh5 13. Ng3 Bg6 14. Nh4 Qd7 15.
Nhf5 Bc5 16. h4 h6 17. h5 Bh7 18. Qf3 Ne7 19. Nxh6+ gxh6 20. Qxf6 Rfe8 21. Bxh6
Qg4 22. Bd1 1-0

[Event "Championnat de France des Jeunes - Benj"]
[Site "LA ROCHE SUR YON"]
[Date "2008.04.24"]
[Round "6.7"]
[White "Adeimi, Michel"]
[Black "Domenech, Vianney"]
[Result "0-1"]
[WhiteElo "2110"]
[BlackElo "1923"]
[Annotator "Salaun,Michel"]
[PlyCount "132"]
[EventDate "2008.04.24"]
[EventType "swiss"]
[EventRounds "6"]
[EventCountry "FRA"]

1. d4 d5 2. c4 c6 3. Nc3 Nf6 4. Nf3 a6 5. cxd5 cxd5 6. e3 Nc6 7. Bd2 Bf5 8. Rc1
e6 9. Na4 Ne4 10. Nc3 Bd6 11. Nxe4 dxe4 12. Ng1 O-O 13. Ne2 Bg4 14. Qb3 Qe7 15.
Nc3 f5 16. Na4 f4 17. Nc5 Nxd4 18. Qxb7 fxe3 19. Bxe3 Qxb7 20. Nxb7 Bb4+ 21.
Bd2 Bxd2+ 22. Kxd2 Rxf2+ 23. Ke3 Rxb2 24. Kxd4 Rxb7 25. Bc4 Bf5 26. Rhf1 Kh8
27. Bxa6 Rd7+ 28. Ke3 h5 29. Bc4 g5 30. h3 Ra3+ 31. Bb3 Rd3+ 32. Ke2 Ra7 33.
Bc4 Rg3 34. Kf2 h4 35. Rg1 e3+ 36. Ke2 Rd7 37. Rcd1 Rxd1 38. Kxd1 Bxh3 39. Bf1
Bg4+ 40. Ke1 Kg7 41. a4 e2 42. Kf2 Re3 43. Bxe2 Rxe2+ 44. Kf1 Ra2 45. a5 Ra1+
46. Kf2 Rxg1 47. Kxg1 Be2 48. Kf2 Bb5 49. g3 h3 50. g4 e5 51. Kg3 e4 52. Kxh3
e3 53. Kg3 e2 54. Kf2 Kf6 55. Ke1 Ke5 56. Kf2 Kf4 57. Ke1 Kf3 58. Kd2 Kf2 59.
Kc3 e1=Q+ 60. Kd4 Qxa5 61. Ke5 Bd3+ 62. Kf6 Qd5 63. Ke7 Qc6 64. Kf7 Qd6 65. Kg7
Qg6+ 66. Kh8 Qh7# 0-1

[Event "Championnat de France des Jeunes - Benj"]
[Site "LA ROCHE SUR YON"]
[Date "2008.04.24"]
[Round "6.8"]
[White "Muheim, Sebastien"]
[Black "Ozenne, Corentin"]
[Result "1-0"]
[WhiteElo "1972"]
[BlackElo "1881"]
[Annotator "Salaun,Michel"]
[PlyCount "87"]
[EventDate "2008.04.24"]
[EventType "swiss"]
[EventRounds "6"]
[EventCountry "FRA"]

1. d4 Nf6 2. c4 c5 3. d5 e6 4. Nc3 exd5 5. cxd5 d6 6. e4 g6 7. Bg5 h6 8. Bh4
Bg7 9. Nf3 g5 10. Bg3 O-O 11. Nd2 a6 12. a4 Ne8 13. h4 g4 14. h5 f5 15. Be2 Qg5
16. Nc4 f4 17. Bh4 Qxh5 18. Nb6 Nf6 19. Nxa8 Nbd7 20. Qc2 Ne8 21. O-O-O Rf7 22.
Bd8 Qg6 23. Nb6 Nxb6 24. Bxb6 Be5 25. Na2 Nf6 26. Bd3 Rf8 27. Ba5 Qg5 28. f3
Bd4 29. Bc3 Be3+ 30. Bd2 Bf2 31. Rdf1 g3 32. Nc3 c4 33. Bxc4 Bd7 34. Ne2 Rc8
35. Bxf4 Be3+ 36. Bxe3 Qxe3+ 37. Kb1 b5 38. Qd3 Qg5 39. axb5 axb5 40. Bxb5 Rb8
41. Bxd7 Nxd7 42. Rh3 Kf7 43. Qc3 Ne5 44. Qc7+ 1-0